| 000 | 00397nam a2200133 a 4500 | ||
|---|---|---|---|
| 005 | 20140414132109.0 | ||
| 008 | 110106s19uu xx 00 eng d | ||
| 050 |
_aTR _bW72 2010 |
||
| 245 |
_aThe Lion King playtime with simba : _ba little book of describing words. |
||
| 260 |
_aQueenstreet, UK : _bParragon, _c2010. |
||
| 440 | _aDisney Board Book | ||
| 650 | _aDescribing words | ||
| 999 |
_c114682 _d114682 |
||